Office Administration
| Main Author: | |
|---|---|
| Format: | Book |
| Language: | English |
| Published: |
London :
Macmillan Education Ltd ,
1983
|
| Subjects: |
MARC
| LEADER | 00000cam a2200000 7i4500 | ||
|---|---|---|---|
| 001 | 0000050010 | ||
| 005 | 20130219.0 | ||
| 008 | 130219 eng | ||
| 020 | |a 0333471865 | ||
| 090 | 0 | 0 | |a 651.3 EYR |
| 100 | 0 | |a Eyre, E.C. | |
| 245 | 0 | 0 | |a Office Administration |c E.C. Eyre |
| 260 | |a London : |b Macmillan Education Ltd , |c 1983 | ||
| 300 | |a v,xiv-391p ; |c 22cm. | ||
| 650 | 0 | 0 | |a Offices. Management |
| 999 | |a 54463 |b Buku |c Rujukan |e Perbadanan Perpustakaan Awam Melaka | ||